Piercing the darkness / (Record no. 12043)

MARC details
000 -LEADER
fixed length control field 00393cam a2200133 a 4500
008 - FIXED-LENGTH DATA ELEMENTS--GENERAL INFORMATION
fixed length control field 890224s1989 ilu 000 1 eng
010 ## - LIBRARY OF CONGRESS CONTROL NUMBER
LC control number 89050338
020 ## - INTERNATIONAL STANDARD BOOK NUMBER
International Standard Book Number 0891075275
050 00 - LIBRARY OF CONGRESS CALL NUMBER
Classification number PS3566.E691317
Item number P54 1989
082 00 -
Classification number 813/.54
Edition number 20
100 1# - MAIN ENTRY--PERSONAL NAME
Personal name Peretti, Frank E.
9 (RLIN) 7576
245 10 - TITLE STATEMENT
Title Piercing the darkness /
Statement of responsibility, etc. Frank E. Peretti.
260 ## - PUBLICATION, DISTRIBUTION, ETC. (IMPRINT)
Place of publication, distribution, etc. Westchester, Ill. :
Name of publisher, distributor, etc. Crossway Books,
Date of publication, distribution, etc. c1989.
Holdings
Withdrawn status Lost status Source of classification or shelving scheme Damaged status Koha normalized classification for sorting Not for loan Home library Current library Shelving location Date acquired Total Checkouts Full call number Barcode Date last seen Date last checked out Price effective from Koha item type
    Dewey Decimal Classification   PER_813_000000000000000__54   Good Samaritan School Library Good Samaritan School Library FICTION 09/26/2022 1 PER813/.54 PER1281 09/29/2022 09/26/2022 09/26/2022 BOOK

Powered by Koha